Quizzes
Events
Quiz Creation
Community
Videos
Private Events
Remove Ads
Sign In
Join for FREE
Feedback
Dark Mode
Quiz Categories
Sports
Geography
Music
Movies
Television
Just For Fun
Miscellaneous
History
Literature
Language
Science
Gaming
Entertainment
Religion
Holiday
For Kids
Quiz Lab
Recent
Popular Today
Quiz Kudos Today
Editor Picks
Curator Picks
Quizzes by...
Day
Popularity
Type
Ratings
Length
Year
Community
Subscriptions
Recent Discussions
Orange Saloon
Badges
Playlists
Quests
Create
Leaderboards
Showdown
Live 5
Trivia Bingo
Activity
Puzzle Library
Sporcle Events
Private Events
Virtual Trivia
Globe League
Become a Host
Pub Owners
SporcleCon
Opinionation
Our Games
Videos
Blog
Mobile Apps
Partnerships
Remove Ads and Go Orange
Feedback
Music
Pop Music
The Beatles
Song
Album
Lyrics
Bands
Singers
Artist
Clip
Rock
Rap
Classical
Billboard
Country Music
Kpop
Taylor Swift
Music
Pop Music
The Beatles
Song
Album
Lyrics
Bands
Singers
Artist
Clip
Rock
Rap
Classical
Billboard
Country Music
Kpop
Taylor Swift
Random Quiz
Search Sporcle
×
Quiz Lab
Quiz Lab
Music
Song
Type in answers that appear in a list
Type in answers that appear in a list
Classic
Best Score? Go Orange.
Not One Hit Wonders (clips) Stats
Can you name the one hit wonders based on the songs that were NOT their biggest hit?
By
Crash_McLarson
10m
26 Questions
307 Plays
307 Plays
307 Plays
Comments
Comments
Give Quiz Kudos
Give Quiz Kudos
-
- Ratings
hide this ad
Replay
Link that replays current quiz
Next Quiz
Link to next quiz in quiz playlist
You Got
0%
They Got
Avg Score
24%
Avg Friend Score
Upgrade to see
Score Distribution
Jump to the score distribution portion of the page
Score
0/26
Timer
10:00
0
Plays Today
Time
Artist
% Correct
0:00
The Mighty Mighty Bosstones
43.6%
1:10
New Radicals
43.3%
2:40
Gnarls Barkley
40.4%
0:20
Semisonic
36.2%
1:40
Fastball
36.2%
1:00
Reel Big Fish
35.5%
2:10
Alien Ant Farm
34.9%
0:50
The Bloodhound Gang
34.5%
3:00
Ben Folds Five
32.2%
3:30
Fountains of Wayne
30%
2:20
Madness
29%
0:10
Men Without Hats
25.4%
2:00
Yellowcard
24.8%
Time
Artist
% Correct
3:10
AFI
24.1%
2:30
Bowling For Soup
23.5%
4:10
Jimmy Eat World
23.1%
3:40
Chumbawamba
21.2%
1:20
Squeeze
19.5%
0:30
Derek and the Dominos
16.3%
3:20
Devo
14.3%
0:40
Eagle-Eye Cherry
14%
4:00
Sister Hazel
12.7%
3:50
Wheatus
12.4%
1:50
Faith No More
11.1%
2:50
Harvey Danger
7.5%
1:30
Hellogoodbye
3.6%
Quiz Playlist
Details
Report
Send in Message
Add To Playlist
Classic:
Type in answers that appear in a list
Last Updated: Feb 16, 2017
Quiz Scoreboard
CHALLENGE
Sign Up to Join the Scoreboard
Show All
Scores
Hide
Comments
May contain spoilers
Recently Published
One Thing in Common: World Cities II
by knightlancer
Geography
7m
Popular People in 1961
by mucciniale
History
6m
1-10 Letter E Words III
by El_Dandy
Language
2m
More to Explore
Quiz From the Vault
Featured Blog Post
Where Did the Easter Bunny Come From?
hide this ad
You Might Also Like...
Tags
Artist Quiz
Clip Quiz
Song Quiz
Audio Quiz
biggest
hit
Wonder
Today's Top Quizzes in Music
Browse Music
hide this ad
Today's Top Quizzes in Song
Browse Song
Top Contributed Quizzes in Music
1
Taylor Swift All Songs (2024)
2
2010s Album by Cover III
3
Taylor Swift Logic Puzzle
4
One Thing in Common: Music
5
Guess the Artist- 70s Songs
6
Guess the Taylor Swift song (Mystery Song)
7
2010s Album by Cover V
8
2010s Album by Cover IV
9
Lana Del Rey Discography (BTD to DYKTTATUOB)
10
KPOP LOGIC QUIZ
Explore More
Trending Topics
Kpop
Crossword
Harry Potter
NBA
Anime
Marvel
Disney
Country
WWE
Soccer
The Office
Pokémon
Puzzle
Song
NFL
hide this ad
More By:
Crash_McLarson
Quiz
Plays
Rating
Category
Featured
Created
Figure Out the Lyrics V
321,883
3.83
Music
Dec 7, 2009
Figure Out The Lyrics (LXXII)
15,642
4.19
Music
Dec 10, 2009
Top 100 Bands 2000
6,048
4.11
Music
Nov 23, 2010
Top 100 Bands 2003
3,446
3.81
Music
Dec 7, 2010
Lyrics! For Guessing Purposes!
3,218
4.00
Music
Jul 4, 2010
Go to Creator's Profile
Score Distribution
Quiz Creator Spotlight
Crash_McLarson
Follow
Send a Message
Quizzes Created
-
Created Quiz Play Count
-
More By This Creator
Popular Quizzes Today
1
Find the US States - No Outlines Minefield
2
The Countries of the World
3
Popular People in 1961
4
Find the Countries of Europe - No Outlines Minefield
5
1-10 Letter E Words III
6
Find the US States
7
One Thing in Common: World Cities II
8
US States
More Music Quizzes
Complete the Bob Seger Songs
Editor's Pick
Trending Quizzes
1-10 Letter F Words
1-10 Letter G Words
Risky Map Clicking: Next State Alphabetically
1-10 Letter F Words II
Risky Map Clicking: States by Unique Starting Letters
Recently Updated
Leaping Animals
pecheneg
Reality TV Shows (A-Z)
bhenderson79
Rickey Henderson's Hall of Fame Teammates
pecheneg
Champions League XIs: Arsenal
pecheneg
Quick Pick: Celebrities in WWE's Hall of Fame
aduchscher
A-Z Keypad Blitz II
pecheneg
Multiple Oscar Actors
pecheneg
Mystery Phrase Blitz: Oscar 'Best Actors'
pecheneg
F. Scott Fitzgerald Novels
LTH
Pick 3 Villains
ddd62291
Trending Topics
Crossword
Disney
Marvel
NBA
Kpop
Anime
Harry Potter
Soccer
Song
Country
Puzzle
WWE
NFL
Pokémon
The Office
Your Account Isn't Verified!
In order to create a playlist on Sporcle, you need to verify the email address you used during registration. Go to your
Sporcle Settings
to finish the process.
Report this User
Report this user for behavior that violates our
Community Guidelines
.
Details:
Send Report
Go to the Sporcle.com Mobile Site →
Comments